000 00609nam a22002297a 4500
005 20200313143744.0
008 200313b xxu||||| |||| 00| 0 eng d
020 _a9781787330672
_c₹ 799
040 _beng
041 _aEnglish
082 _a909
_bHAR
100 _aHarari, Yuval Noah
245 _a21 lessons for the 21st century
_cYuval Noah Harari
260 _aLondon
_bJonathan Cape
_c2018
300 _axv,352p
_b24 cm
504 _aIncludes references and index
650 _aCivilization, modern
650 _aWorld politics
650 _aHistory
_yModern
850 _aLCLIB
942 _cBK
999 _c42681
_d93160